000
00189 a2200097 4500
020
_a
8433910353
041
_a
spa
100
_a
Martin Gaite, Carmen
245
_a
LO raro es vivir
942
_c
BK
999
_c
8731
_d
8731